000 00857nam0a22002411 4500
001 rc\548932
005 20030616170044.3
010 _a5-7780-0014-6
_915000
035 _a(NLR Aleph) 005785139
090 _a5144408
_c5144408
100 _a20030616d1988 u y0rusy50 ca
101 0 _arus
102 _aRU
105 _aa |||||||||
200 1 _aВозвращение
_eПовесть
_e[Для ст. и сред. шк. возраста]
_fГеннадий Черкашин
_g[Худож. А.Ф. Шорохов]
210 _aСимферополь
_cТаврия
_d1988
215 _a253, [3] с.
_cил.
_d20
700 1 _7ca
_8rus
_aЧеркашин
_bГ. А.
_f1936-1996
_gГеннадий Александрович
_96939
_3RU\NLR\AUTH\7723886
801 0 _aRU
_bNLR
_gpsbo
801 1 _aRU
_bELAR
_2rusmarc
852 _aNLR
_j88-3/5756
942 _cBOOK
980 _aNB